1800 1335 1974 1647 1698 1881 1517 1076 1900 1661 1335 1799 1171 1904 1420 1614 1043 1223 1294 1789 1895 1049 1617 1657 1267 1062 1908 1608 1503 1901 1265 1144 1465 1326 1237 1751 1783 1544 1926 1917 1518 1797 1840 1504 1917 1267 1920 1491 1778 1143 1931 1146 1694 1113 1891 1813 1008 1835 1013 1191 1744 1112 1870 1048 1419 1663 1084 1062 1500 1398 1206 1800 1819 1062 1973 1762 1713 1379 1477 1230 1619 1245 1702 1482 1484 1592 1090 1905 1025 1741 1221 1714 1377 1517 1521 1750 1641 1844 1302 BCNSPRNW ULIB Ver.6.0+V

เปลี่ยนเป็นภาษาไทย

Change to English
 แสดงรายละเอียดบรรณานุกรม
  กลับหน้าหลัก

Brief Record : Get Marc (ISO 2709) : E-mail record : QR code < ปิดหน้าต่าง
LEADER : 00000nam 2200000uu 4500
001    13399113044
003     ULIB
008    110922s2552||||th 000 0 tha d
020    974999339X
050 04 PL4158^bด164ท 2552
100 0  ดวงใจ ไทยอุบุญ
245 10 ทักษะการเขียนภาษาไทย /^cดวงใจ ไทยอุบุญ
250    พิมพ์ครั้งที่ 4
260    กรุงเทพฯ :^bสำนักพิมพ์แห่งจุฬาลงกรณ์มหาวิทยาลัย,^c2552
300    304 หน้า ;^c21 ซม
505 2  ปัญหาการใช้ภาษาในการเขียน -- หลักการเขียนเบื้องต้น --การสะสมประสบการณ์เพื่อช่วยพัฒนาทักษะการเขียน -- การใช้โวหาร -- สำนวน สุภาษิต คำพังเพย -- การเขียนประเภทต่างๆ
650  7 ภาษาไทย^xการเขียน
650  7 ภาษาไทย^xการใช้ภาษา
710 2  จุฬาลงกรณ์มหาวิทยาลัย.^bภาควิชาสารัตถศึกษา
945    ^p150^l0^i027012
945    ^p150^l0^i027013
995    ทศพร
999 ^a ทศพร
รายการนี้ยังไม่มีแท็ก
คุณยังไม่ได้ล็อกอิน คุณสามารถมีกิจกรรมร่วมกับเว็บไซต์ได้ แต่ต้องล็อกอินก่อน ::
  ล็อกอิน

รายการสื่อสารสนเทศ

ลำดับที่ ประเภท เลขเรียก/บาร์โค้ด สถานที่ สถานะ
- ไม่พบข้อมูล -

รายการใกล้เคียง
    ผู้แต่ง [ดวงใจ ไทยอุบุญ]

BibComment


ยังไม่เคยถูกคอมเมนท์

คอมเมนท์ทรัพยากรรายการนี้
  คอมเมนท์: ทักษะการเขียนภาษา..


 Copyright 2026. Bcnsprnw @Library